Lana Del Rey - Fishtail (Lyrics) - Statistics

General Stats
  • This quiz has been taken 114 times
  • The average score is 312 of 404
Answer Stats
Answer % Correct
When
99%
you
99%
You
99%
you,
99%
me
98%
me,
98%
want
98%
don't
95%
Don't
95%
don't
95%
I
95%
my
95%
sadder,
94%
sadder
94%
say
94%
that
94%
that?
94%
That
94%
the
93%
wanted
93%
in
90%
a
89%
dare
89%
you'll
89%
You'll
89%
care
88%
care,
88%
hair,
88%
hair
88%
to
88%
babe
86%
braid
86%
Fishtail,
86%
If
84%
if
84%
really
84%
so
83%
see
81%
then
81%
can
80%
on
80%
what's
80%
but
79%
But,
79%
But
79%
matter
79%
Not
79%
not
79%
be
78%
got
77%
I've
77%
L.A.
77%
things
77%
and
75%
And
75%
Lately,
73%
lately,
73%
how
72%
I'm
72%
Baby,
70%
been
70%
like
70%
your
70%
Skipping
69%
smart,
69%
smart
69%
You're
68%
rope
68%
with
68%
you're
68%
For
67%
for
67%
black
65%
Can't
65%
it?
64%
it
64%
mind
64%
skinny-dip
64%
talk
64%
talk,
64%
thinking
64%
tree
64%
used
64%
white
64%
inside
63%
one
63%
about
62%
could
62%
are
60%
red
60%
Almost
59%
green
59%
Palm
59%
them
59%
Victorian
59%
wish
59%
flags
58%
funny,
58%
softly
58%
trees
58%
watch
56%
painting
54%
sway
53%
bayou,
52%
bayou
52%
stop
51%
I'll
49%
Maybe
49%
take
48%
was
48%
know
47%
nightgown
47%
off
47%
Slip
47%
underneath
47%
glasses
46%
knees
44%
old
44%
sun
44%
air
43%
bruises
43%
Feeling
43%
hella
43%
summer
43%
hot,
42%
hot
42%
nothing
42%
rare
42%
technicolor
42%
Swinging
41%
terrain
41%
Ella
40%
Fitzgerald
40%
oak
40%
stairs,
40%
speak,
38%
just
37%
problems
37%
Wearing
36%
at
35%
day
35%
home
35%
we've
33%
another
32%
riverbed
30%
someone
30%
coming
28%
look
28%
address
27%
plan
26%
sunning
26%
get
25%
tonight
22%
there
17%
Dancing
14%
No matching quizzes found
Score Distribution
Percent of People with Each Score
Percentile by Number Answered
Your Score History
You have not taken this quiz